000 00641nam a2200193Ia 4500
005 20250423100244.0
008 250422s9999 xx 000 0 und d
020 _a9781138086883
050 _aGV 558 .M65/
100 _aedited by Sharples Adam P., Morton James, Wackerhage Henning
245 0 _aMolecular exercise physiology : an introduction
250 _a2ed.
260 _aNew York
260 _bRoutledge, Taylor & Francis Group
260 _c2024
300 _axiii, 343p. :ill. ; 25cm.
650 _aSports sciences. Sports medicine. Genetics. Sports--Physiological aspects. Exercise--Physiological aspects.
942 _cBK
999 _c32747
_d32747